Statistics for Subdivisions bordering Bavaria

Click here to take the quiz!

General Stats

  • This quiz has been taken 556 times
  • The average score is 8 of 11

Answers on the Map

Answers color-coded by a green-red scale on the quiz's map according to % correct below.
 

Answer Stats

CountrySubdivision% Correct
GermanyBaden-Württemberg
95%
GermanySaxony
94%
GermanyHesse
87%
AustriaTyrol
85%
GermanyThuringia
83%
AustriaSalzburg
82%
AustriaUpper Austria
78%
AustriaVorarlberg
60%
Czech RepublicPlzeň
49%
Czech RepublicSouth Bohemian
35%
Czech RepublicKarlovy Vary
30%

Score Distribution

Percentile by Number Answered

Percent of People with Each Score

Your Score History

You have not taken this quiz